Quizzes
Events
Quiz Creation
Community
Videos
Private Events
Remove Ads
Sign In
Join for FREE
Feedback
Dark Mode
Quiz Categories
Sports
Geography
Music
Movies
Television
Just For Fun
Miscellaneous
History
Literature
Language
Science
Gaming
Entertainment
Religion
Holiday
For Kids
Quiz Lab
Recent
Popular Today
Quiz Kudos Today
Editor Picks
Curator Picks
Quizzes by...
Day
Popularity
Type
Ratings
Length
Year
Community
Subscriptions
Recent Discussions
Orange Saloon
Badges
Playlists
Quests
Create
Leaderboards
Showdown
Live 5
Trivia Bingo
Activity
Puzzle Library
Sporcle Events
Private Events
Virtual Trivia
Globe League
Become a Host
Pub Owners
SporcleCon
Opinionation
Our Games
Videos
Blog
Mobile Apps
Partnerships
Remove Ads and Go Orange
Feedback
Entertainment
Celebrity
Famous
Musical
Broadway
Show
Quote
Comic Books
Anime
Superhero
DC Comics
Marvel
Cartoons
Animation
Entertainment
Celebrity
Famous
Musical
Broadway
Show
Quote
Comic Books
Anime
Superhero
DC Comics
Marvel
Cartoons
Animation
Random Quiz
Search Sporcle
×
Quiz Lab
Quiz Lab
Entertainment
Musical
Type in answers that appear in a list
Type in answers that appear in a list
Classic
Best Score? Go Orange.
Musicals by Lyrics Stats
Can you name the Musicals by their lyrics?
By
AnneMiri
8m
25 Questions
118 Plays
118 Plays
118 Plays
Comments
Comments
Give Quiz Kudos
Give Quiz Kudos
-
- Ratings
hide this ad
Replay
Link that replays current quiz
Next Quiz
Link to next quiz in quiz playlist
You Got
0%
They Got
Avg Score
35%
Avg Friend Score
Upgrade to see
Score Distribution
Jump to the score distribution portion of the page
Score
0/25
Timer
08:00
0
Plays Today
Lyric
Musical
% Correct
'Let his flesh not be torn. Let his blood leave no stain Though they beat him. Let him feel no pain'
Wicked
80.5%
'Yes it's true there's a child, and the child is my daughter. And her father abandoned us leaving us flat'
Les Miserables
78%
'For twenty-
five years I've washed your clothes Cooked your meals, cleaned your house'
Fiddler on the Roof
61.9%
'We'd like to thank you: Herber Hoover For really showing us the way We'd like to thank you: Herbert Hoover. You made us what we are today'
Annie
58.5%
'Never do I ever want to hear another word. There isn't one I haven't heard. Here we are together in what ought to be a dream; Say one more word and I'll scream!'
My Fair Lady
44.1%
'I'm pickin' Valentine, 'cause on the morning line. A guy has got him figured at five to nine.'
Guys and Dolls
42.4%
'Those good and crazy people, my married friends! And that's what it's all about, isn't it? That's what it's really about, Really about!'
Company
41.5%
'Give me a job and you instantly get me involved. If you give me a job, Then the rest of the crap will get solved.'
A Chorus Line
39%
'But I know, he’ll appear Though I seem a bit bipolar And I’m a vandal now as well, though he won’t mind'
Shrek
39%
'Get yourselves some new orchestrations, new routines and red velvet curtains. Get a feathered hat for the baby'
Gypsy
36.4%
'You robe should be golden, your robe should be perfect Instead of this ragged concoction of thread'
Aida
34.7%
'Screw the middle classes! I will never accept them! My father's Other family were middle class and we were kept out of Sight, hidden from view, at his funeral!'
Evita
33.9%
'And there was music playing, Catching a nation in its prime... Beggar and millionaire Everyone, everywhere'
Ragtime
33.9%
Lyric
Musical
% Correct
'Please understand that it's still Strange and frightnin' For losers like I've been It's so hard to say'
Little Shop of Horrors
30.5%
'Walking proudly in our winter coats Wearing smells from laboratories Facing a dying nation'
Hair
29.7%
'It was only a sideline; That's what you said; You just needed some money; That's what you said You were going to college and get ahead'
Bye Bye Birdie
28.8%
'Huge and dark. Oh our hearts. Will murmur the blues from on high. Then whisper some silver reply
Spring Awakening
28.8%
'Poor? Not me, honey I don't want those money woes I'll marry Paul or Dave or Rob or Peter'
Thoroughly Modern Millie
27.1%
'We both know why we're here. I see it in your eyes. I guess it calms my fear. To know it's not a surprise'
Legally Blonde
23.7%
'In these dreams I've loved you so That by now I think I know What it's like to be loved by you-
I will love being loved by you.'
The King and I
23.7%
'We could be such friends, Friends are never lonely. All I know is books-
Books are solitary.'
Little Women
20.3%
'Though it may not be anyone's birthday, And though it's far from the first of the year, I know that this very minute has history in it, we're here!'
Mame
16.1%
'Everyone’s a father, or a son. I think if I had a child, I would take such care of her. Then I wouldn’t feel like one.'
The Light in the Piazza
14.4%
'My love is a giant, fierce and defiant But how can I prove it to you? Ain't got no kingdom or dragon To back up my braggin''
The Pajama Game
13.6%
'They stripped him of his dignity,They beat him like a gong. And he was kicked repeatedly, And that was wrong! So wrong! Ohhh!
Bat Boy
11.9%
Quiz Playlist
Details
Report
Send in Message
Add To Playlist
Classic:
Type in answers that appear in a list
Last Updated: Feb 16, 2017
Quiz Scoreboard
CHALLENGE
Sign Up to Join the Scoreboard
Show All
Scores
Hide
Comments
May contain spoilers
Recently Published
Billboard Blitz: Fleetwood Mac
by CooCooCachoo
Music
15s
Presidents Visiting Landmarks
by Hejman
History
7m
An Introduction to Baseball
by treessimontrees
Sports
5m
More to Explore
Quiz From the Vault
Featured Blog Post
Where Did the Easter Bunny Come From?
hide this ad
You Might Also Like...
Tags
Musical Quiz
Today's Top Quizzes in Entertainment
Browse Entertainment
hide this ad
Today's Top Quizzes in Musical
Browse Musical
Top Contributed Quizzes in Entertainment
1
7-to-1: DC Comics Villains
2
Marvel Characters Bunker
3
Eurovision 2023 Logic Puzzle
4
Kamen Rider Motifs
5
Dragon Ball Z: Goku's Fights in Order
6
Criteria Quickie: Cartoon Taxonomy II
7
Sorting Pictures: Villains
8
Fictional Villains Letter U Blitz
9
Dragon Ball Z: Mega Character Search
10
Mini Trivia Sudoku: Musicals
Explore More
Trending Topics
Disney
Marvel
Harry Potter
Anime
Crossword
NBA
Kpop
Country
Soccer
Song
Pokémon
NFL
The Office
Puzzle
WWE
hide this ad
More By:
AnneMiri
Quiz
Plays
Rating
Category
Featured
Created
Musicals by Lyrics
118
3.00
Entertainment
Dec 31, 2010
Name the actor who originated the role
24
Entertainment
Dec 31, 2010
Go to Creator's Profile
Score Distribution
Quiz Creator Spotlight
AnneMiri
Follow
Send a Message
Quizzes Created
-
Created Quiz Play Count
-
More By This Creator
Popular Quizzes Today
1
Find the US States - No Outlines Minefield
2
Find the Countries of Europe - No Outlines Minefield
3
The Countries of the World
4
Find the US States
5
US States
6
Popular People in 1961
7
Risky Map Clicking: Biggest States A-Z
8
Movies - When Are They Set?
More Entertainment Quizzes
Musical Song Choices
Editor's Pick
Trending Quizzes
Risky Map Clicking: Least Populous States A-Z
1-10 Letter G Words
1-10 Letter F Words
Risky Map Clicking: Next State Alphabetically
Risky Map Clicking: Biggest States A-Z
Recently Updated
Leaping Animals
pecheneg
Reality TV Shows (A-Z)
bhenderson79
Rickey Henderson's Hall of Fame Teammates
pecheneg
Champions League XIs: Arsenal
pecheneg
Quick Pick: Celebrities in WWE's Hall of Fame
aduchscher
A-Z Keypad Blitz II
pecheneg
Multiple Oscar Actors
pecheneg
Mystery Phrase Blitz: Oscar 'Best Actors'
pecheneg
F. Scott Fitzgerald Novels
LTH
Pick 3 Villains
ddd62291
Trending Topics
Disney
Crossword
Anime
NBA
Harry Potter
Marvel
Kpop
Song
WWE
NFL
Country
Soccer
Pokémon
The Office
Puzzle
Your Account Isn't Verified!
In order to create a playlist on Sporcle, you need to verify the email address you used during registration. Go to your
Sporcle Settings
to finish the process.
Report this User
Report this user for behavior that violates our
Community Guidelines
.
Details:
Send Report
Go to the Sporcle.com Mobile Site →
Comments